La etiología del cólera (Record no. 158164)

MARC details
000 -LEADER
campo de control de longitud fija 00705nam a2200181 i 4500
001 - NÚMERO DE CONTROL
campo de control 158164
003 - IDENTIFICADOR DE NÚMERO DE CONTROL
campo de control ES-MaACL
005 - FECHA Y HORA DE LA ÚLTIMA TRANSACCIÓN
campo de control 20250901032928.0
008 - DATOS DE LONGITUD FIJA--INFORMACIÓN GENERAL
campo de control de longitud fija 020904s1892 sp |||| | spa d
040 ## - FUENTE DE CATALOGACIÓN
Centro catalogador/agencia de origen CCPB | B
Lengua de catalogación spa
Centro/agencia transcriptor CCPB | B
100 1# - ENTRADA PRINCIPAL--NOMBRE DE PERSONA
Nombre de persona Loza y Collado, Emilio.
9 (RLIN) 129105
245 13 - MENCIÓN DEL TÍTULO
Título La etiología del cólera
Resto del título : tesis de doctorado /
Mención de responsabilidad, etc. por Emilio Loza y Collado.
260 ## - PUBLICACIÓN, DISTRIBUCIÓN, ETC.
Lugar de publicación, distribución, etc. Madrid :
Nombre del editor, distribuidor, etc. [s.n.],
Fecha de publicación, distribución, etc. 1892 (
Fabricante R. Velasco, impresor)
300 ## - DESCRIPCIÓN FÍSICA
Extensión 74 p. ;
Dimensiones 22 cm.
650 #7 - PUNTO DE ACCESO ADICIONAL DE MATERIA--TÉRMINO DE MATERIA
Término de materia o nombre geográfico como elemento de entrada Cólera
Fuente del encabezamiento o término embne
9 (RLIN) 11143
852 ## - LOCALIZACIÓN
Ubicación ES-MaACL
Número de control de estantería T-528-F-13
Nota libre -- Enc. hol. conservando la cub. original
-- -- Enc. en un vol. facticio
Encuadernación -- Edic.: Precede al tit.: Facultad de Medicina de Madrid
Holdings
Estatus retirado Estado de pérdida Estado de daño No para préstamo Colección Biblioteca de origen Biblioteca actual Ubicación en estantería Fecha de adquisición Total de préstamos Signatura topográfica completa Código de barras Visto por última vez Precio de reemplazo Tipo de ítem Koha
        Colección de folletos Biblioteca del Ateneo de Madrid Biblioteca del Ateneo de Madrid Depósito folletos 17/01/2008   T-528-F-13 1165534 23/02/2023 23/02/2023 Folleto